| 000 | 01065nam a2200301 i 4500 | ||
|---|---|---|---|
| 003 | DO-SdBNP | ||
| 005 | 20250221130117.0 | ||
| 007 | ta | ||
| 008 | 250221s2011 dr a r 000 0 spa d | ||
| 020 | _a9789945465020 | ||
| 040 |
_aDO-SdBNP _bspa _cBNPHU _erda |
||
| 082 | 4 |
_aRD863.3 _bB598b 2011 _222 |
|
| 100 | 1 |
_aBillini, Francisco Gregorio, _d1844-1898 _910796 _eautor _4aut. |
|
| 245 | 1 | 0 |
_aBaní o engracia y antoñita / _cFrancisco Gregorio Billini ; ilustraciones Aníbal Hernández Medina. |
| 264 | 1 |
_aSanto Domingo : _bEditora Cosme Peña, _c2011. |
|
| 300 |
_a283 páginas ; _c20 cm. |
||
| 336 |
_atexto _btxt _2rdacontent |
||
| 337 |
_asin mediación _bn _2rdamedia |
||
| 338 |
_avolumen _bnc _2rdacarrier |
||
| 490 | 0 | _aClásicos dominicanos | |
| 500 | _aIncluye notas a pie de páginas. | ||
| 590 | _aInventariado, 2025/ YL | ||
| 650 | 0 |
_aNovela dominicana _9223 |
|
| 650 | 0 |
_aLiteratura dominicana. _967 |
|
| 700 | 1 |
_aHernández Medina, Anibal _eilustraciones _943251 _4il. |
|
| 910 | _aYLockward/Validado. Control de calidad MFF | ||
| 942 |
_2ddc _cLBS1 |
||
| 999 |
_c58164 _d58164 |
||